Statistics for Albums of Slipknot

Click here to take the quiz!

General Stats

  • This quiz has been taken 808 times
  • The average score is 24 of 31

Answer Stats

HintAlbum% Correct
Spit It OutSlipknot
96%
Left BehindIowa
91%
Wait and BleedSlipknot
89%
All Hope Is GoneAll Hope Is Gone
88%
The Heretic AnthemIowa
87%
People = ShitIowa
87%
My PlagueIowa
86%
EyelessSlipknot
85%
DisasterpieceIowa
84%
(sic)Slipknot
83%
SurfacingSlipknot
83%
LiberateSlipknot
82%
VermilionVol. 3
82%
SulfurAll Hope Is Gone
81%
VendettaAll Hope Is Gone
80%
DualityVol. 3
80%
Vermilion Pt. 2Vol. 3
78%
SnuffAll Hope Is Gone
76%
PsychosocialAll Hope Is Gone
76%
Pulse of the MaggotsVol. 3
75%
GentlyIowa
74%
Before I ForgetVol. 3
73%
Dead MemoriesAll Hope Is Gone
72%
CircleVol. 3
72%
PuritySlipknot
71%
The Blister ExistsVol. 3
69%
Everything EndsIowa
67%
The NamelessVol. 3
66%
Child of Burning TimeAll Hope Is Gone
65%
'Til We DieAll Hope Is Gone
63%
Get ThisSlipknot
63%

Score Distribution

Percentile by Number Answered

Percent of People with Each Score

Your Score History

You have not taken this quiz